Prominent Writers by Language - Statistics

General Stats
  • This quiz has been taken 158 times
  • The average score is 14 of 15
Answer Stats
Writer Language % Correct
William Shakespeare English
100%
Johann Goethe German
99%
Dante Alighieri Italian
99%
Leon Tolstoy Russian
99%
Miguel de Cervantes Spanish
99%
Voltaire French
98%
Homer Greek (Ancient)
96%
Confucius Chinese
95%
Abu al-Ma'arri Arabic
94%
H.C. Andersen Danish
94%
Fernando Pessoa Portuguese
93%
Joost van den Vondel Dutch
92%
Virgil Latin (Classical)
86%
Saadi of Shiraz Persian
85%
Goswami Tulsidas Hindi
65%
No matching quizzes found
Score Distribution
Percent of People with Each Score
Percentile by Number Answered
Your Score History
You have not taken this quiz